| 000 | 00466nam a2200193Ia 4500 | ||
|---|---|---|---|
| 005 | 20240823025858.0 | ||
| 008 | 240823s9999||||xx |||||||||||||| ||und|| | ||
| 020 | _a0-07-114257-6 | ||
| 041 | _aENGLISH | ||
| 082 | _A515.2433 P7 | ||
| 100 | _a"Goodman,Joseph W" | ||
| 245 | 0 | _aIntroduction to Fourier Optics | |
| 250 | _a3rd | ||
| 260 |
_c2007 _b"Viva Books, Privated Li" |
||
| 500 | _aYES | ||
| 650 |
_aOptics _bMathematics |
||
| 942 | _cBK | ||
| 999 |
_c187366 _d187366 |
||